Sudden death - Eras Tour Outfits - Statistics

General Stats
  • This quiz has been taken 220 times
  • The average score is 7 of 28
Answers on the Grid
Answers color-coded by a green-red scale on the quiz's grid according to % correct below.
Lover - Pink + Blue
Lover - Green + sliver
Lover - blue + gold
lover - pink
lover - purple tassle
Lover - orange tangerine
lover - gold + silver
Fearless - silver fringe
Fearless - gold fringe
Fearless - silver noodle
Fearless - gold noodle
Fearless - black and silver
Fearless - leapord print
Fearless - tiger stripe
Fearless - silver saphire
Evermore - bronze
Evermore - orange
Evermore - Dark green
SpeakNow - Pink starburst
SpeakNow - purple cupcake
Speak now - blue cupcake
Speak now - swirls
Speak now - tissue flower
Speak now - wonderstruck purple
Speak now - Pink and orange
Speak now - Silver
Folklore - cream
Folklore - Orange
Folklore - green
Folklore - yellow
Folklore - blue
Folklore - Berry
Folklore - gray
Midnights - navy blue
Midnights - cutouts
Midnights - scallop blue
Midnights - Silver
Midnights - Pale purple
Midnights - chevron
 
Answer Stats
Answer % Correct
Lover - Pink + Blue
88%
lover - pink
74%
Lover - blue + gold
64%
lover - purple tassle
54%
Lover - orange tangerine
51%
Fearless - gold fringe
28%
Evermore - orange
22%
Folklore - green
20%
Fearless - black and silver
17%
Speak now - tissue flower
17%
Fearless - gold noodle
16%
Midnights - navy blue
16%
SpeakNow - purple cupcake
16%
Speak now - wonderstruck purple
16%
Evermore - bronze
15%
Fearless - silver noodle
15%
Folklore - cream
15%
Fearless - tiger stripe
14%
Folklore - Berry
14%
Folklore - blue
14%
Midnights - chevron
14%
Midnights - cutouts
14%
Speak now - Silver
14%
Speak now - swirls
14%
Midnights - scallop blue
13%
Fearless - silver saphire
11%
Folklore - yellow
11%
SpeakNow - Pink starburst
7%
No matching quizzes found
Score Distribution
Percent of People with Each Score
Percentile by Number Answered
Your Score History
You have not taken this quiz